000 00252nam a2200109Ia 4500
008 190912s9999||||xx |||||||||||||| ||und||
100 _aGulzaib Zeba
245 0 _aGul Regzaar
260 _aKarachi
_bZabaish Publishers
_c1998
300 _a128
942 _cBK
999 _c7400
_d7400